Najpopularniejsi raperzy w tym tygodniu . 16-22.04 - Statystyki

Ogólne statystyki
  • Ten quiz został rozwiązany 21 razy
  • Średni wynik to 8 z 15
Statystyki odpowiedzi
Miejsce w poprzednim tygodniu Wyświetlenia Utwór % Poprawnych
#4 4.18M Bedoes
90%
#2 6.58M Mata
80%
#3 3.35M ReTo
70%
#13 2.74M White 2115
70%
#5 3.49M Guzior
60%
#6 4.55M Szpaku
60%
#14 2.68M Żabson
60%
#10 3.30M Paluch
55%
#1 14.70M Sobel
55%
#16 2.62M Quebonafide
45%
#9 3.01M Kabe
40%
#7 3.40M Tymek
40%
#11 2.79M Kali
30%
#12 2.53M Kubańczyk
25%
#8 3.06M Major SPZ
20%
Nie znaleziono quizów pasujących do podanych kryteriów
Rozkład punktacji
Procent ludzi z każdym wynikiem
Percentyl według liczby udzielonych odpowiedzi
Twoja historia wyników
Nie rozwiązałeś tego quizu